[Event "Omsk op 05"]
[Site "Omsk"]
[Date "2014.05.12"]
[Round "6"]
[White "Manchenko, Vladimir"]
[Black "Novohodko, Yuri"]
[Result "1/2-1/2"]
[WhiteElo "2012"]
[BlackElo "1930"]
[PlyCount "101"]
[EventDate "2014.05.01"]
[EventType "swiss"]
[EventRounds "9"]
[EventCountry "RUS"]
[SourceTitle "EXT 2016"]
[Source "ChessBase"]
[SourceDate "2015.10.08"]
[SourceVersion "1"]
[SourceVersionDate "2015.10.08"]
[SourceQuality "1"]

1. e4 c5 2. Nc3 Nc6 3. f4 g6 4. Nf3 Bg7 5. g3 e6 6. Bg2 Nge7 7. d3 0-0 8. 0-0 Nd4 9. Ne2 Nec6 10. c3 Nxf3+ 11. Bxf3 d5 12. e5 Bd7 13. Be3 b6 14. a3 Rc8 15. g4 Bh6 16. Qd2 Na5 17. g5 Bg7 18. Rad1 Ba4 19. Rb1 c4 20. Nd4 Qe7 21. Qe2 Rc7 22. dxc4 Nxc4 23. Bc1 Bd7 24. h4 h5 25. Bxh5 gxh5 26. Qxh5 Rfc8 27. Rf2 Be8 28. Qg4 Nxa3 29. bxa3 Rxc3 30. Bd2 R3c4 31. Bb4 Qd7 32. Qd1 Qa4 33. h5 a5 34. h6 axb4 35. hxg7 Qxd1+ 36. Rxd1 bxa3 37. f5 Kxg7 38. fxe6 Rxd4 39. Rxd4 fxe6 40. Rb4 b5 41. Rb3 Ra8 42. Ra2 Kg6 43. Rbxa3 Rxa3 44. Rxa3 Kxg5 45. Rf3 Bg6 46. Kf2 Be4 47. Rf6 Bf5 48. Ke3 b4 49. Rf8 b3 50. Rb8 Bc2 51. Kd4 1/2-1/2

[Event "Omsk op 05"]
[Site "Omsk"]
[Date "2014.05.11"]
[Round "5"]
[White "Novohodko, Yuri"]
[Black "Petrenko, Mikhail"]
[Result "1-0"]
[WhiteElo "1930"]
[BlackElo "1674"]
[PlyCount "65"]
[EventDate "2014.05.01"]
[EventType "swiss"]
[EventRounds "9"]
[EventCountry "RUS"]
[SourceTitle "EXT 2016"]
[Source "ChessBase"]
[SourceDate "2015.10.08"]
[SourceVersion "1"]
[SourceVersionDate "2015.10.08"]
[SourceQuality "1"]

1. d4 Nf6 2. c4 e5 3. dxe5 Ng4 4. Nf3 Bc5 5. e3 Nc6 6. a3 a5 7. Be2 Ngxe5 8. Nbd2 d6 9. 0-0 Be6 10. Qc2 Bb6 11. b3 Ng4 12. Re1 Qd7 13. h3 Nf6 14. Bb2 Qe7 15. Nd4 Nxd4 16. exd4 0-0 17. Bf3 c6 18. d5 cxd5 19. cxd5 Nxd5 20. Bxd5 Qh4 21. Nf3 Qxf2+ 22. Qxf2 Bxf2+ 23. Kxf2 Bxd5 24. b4 axb4 25. axb4 Bc6 26. Nd4 f6 27. Nf5 g6 28. Nxd6 Rad8 29. Rad1 Ba4 30. Rd4 Rd7 31. Ne4 Rxd4 32. Bxd4 Kg7 33. Kg3 1-0

[Event "Omsk op 05"]
[Site "Omsk"]
[Date "2014.05.08"]
[Round "4"]
[White "Pisjmeniuk, Artem"]
[Black "Novohodko, Yuri"]
[Result "1-0"]
[WhiteElo "1982"]
[BlackElo "1930"]
[PlyCount "59"]
[EventDate "2014.05.01"]
[EventType "swiss"]
[EventRounds "9"]
[EventCountry "RUS"]
[SourceTitle "EXT 2016"]
[Source "ChessBase"]
[SourceDate "2015.10.08"]
[SourceVersion "1"]
[SourceVersionDate "2015.10.08"]
[SourceQuality "1"]

1. e4 c5 2. Nf3 Nc6 3. Bb5 g6 4. Bxc6 bxc6 5. d3 Bg7 6. 0-0 e6 7. e5 Ne7 8. Nc3 Qc7 9. Re1 0-0 10. Bg5 Nd5 11. Ne4 Qb6 12. c4 h6 13. Bd2 f5 14. exf6 Nxf6 15. Nxf6+ Rxf6 16. Bc3 Rf8 17. Ne5 g5 18. Qh5 Qd8 19. Ng4 Bxc3 20. bxc3 Qe7 21. Qxh6 Qg7 22. Qh5 Rd8 23. Re5 Kf8 24. Rxg5 Qxc3 25. Rd1 Ke7 26. Qh4 Kd6 27. Qg3+ Ke7 28. Ne5 Re8 29. Rg7+ Kd8 30. Nxc6+ 1-0